000 00307nam a22001337a 4500
008 181106b xxu||||| |||| 00| 0 eng d
020 _a0878573607
041 _aeng
080 _a610
100 _a4
101 _aSHM
245 _aThe Complete Book of Minerals for Health
_cFaelten,Sh
942 _2udc
_cBK
999 _c51982
_d51982